Affect of natuzyme supplementation in concertration on growth rate of fattening quail at animal station of royal university of agriculture, ឥទ្ធពលនៃការបន្ថែមNATUZYME ក្នុងចំណីផ្សំលើការលូតលាស់របស់ក្រូចសាច់នៅក្នុងស្ថានីយ៍ចិញ្ចឹមសត្វនៃសាកលវិទ្យាល័យភូមិន្ទកសិកម្ម (Record no. 2044)

000 -LEADER
fixed length control field 00840nam a22001577a 4500
003 - CONTROL NUMBER IDENTIFIER
control field OSt
005 - DATE AND TIME OF LATEST TRANSACTION
control field 20151006143324.0
008 - FIXED-LENGTH DATA ELEMENTS--GENERAL INFORMATION
fixed length control field 151006b xxu||||| |||| 00| 0 eng d
040 ## - CATALOGING SOURCE
Transcribing agency RUA
082 ## - DEWEY DECIMAL CLASSIFICATION NUMBER
Classification number AVM NUO 2006 B076 Or.1
100 ## - MAIN ENTRY--PERSONAL NAME
9 (RLIN) 2172
Personal name NUON, SICHHOM.
245 ## - TITLE STATEMENT
Title Affect of natuzyme supplementation in concertration on growth rate of fattening quail at animal station of royal university of agriculture, ឥទ្ធពលនៃការបន្ថែមNATUZYME ក្នុងចំណីផ្សំលើការលូតលាស់របស់ក្រូចសាច់នៅក្នុងស្ថានីយ៍ចិញ្ចឹមសត្វនៃសាកលវិទ្យាល័យភូមិន្ទកសិកម្ម
260 ## - PUBLICATION, DISTRIBUTION, ETC. (IMPRINT)
Place of publication, distribution, etc. Phnom Penh
Name of publisher, distributor, etc. RUA
Date of publication, distribution, etc. 2006
300 ## - PHYSICAL DESCRIPTION
Extent 44p.
Other physical details ill.
Dimensions 29cm.
942 ## - ADDED ENTRY ELEMENTS (KOHA)
Source of classification or shelving scheme
Koha item type AVM
Holdings
Price effective from Date last seen Permanent Location Not for loan Date acquired Source of classification or shelving scheme Koha item type Lost status Withdrawn status Date last checked out Total Checkouts Shelving location Damaged status Barcode Current Location Full call number
2015-10-062016-04-29Library Block B 2015-10-06 AVM  2016-03-231B076 RUA008926Library Block BAVM NUO 2006 B076 Or.1
2015-10-062015-10-06Library Block B 2015-10-06 AVM    B076 RUA008735Library Block BAVM NUO 2006 B076 Or.2
2015-10-062018-05-23Library Block B 2015-10-06 AVM  2018-04-251B076 RUA008932Library Block BAVM NUO 2006 B076 Or.3
2015-10-062018-07-31Library Block B 2015-10-06 AVM  2018-06-263B076 RUA008846Library Block BAVM NUO 2006 B076 Or.4
មជ្ឈមណ្ឌលឯការនៃសាកលវិទ្យាល័យភូមិន្ទកសិកម្មចំការដូង

Powered by Koha